93 - Né(es) un 3 avril - Statistiques

Statistiques générales
  • Ce quiz a été pris 8 fois
  • Le résultat moyen est 5 sur 13
Statistiques - réponses
Hint Année de naissance Réponse % Correct
Acteur américain. Vu dans le rôle principal des séries "Le Flic de Beverly Hills" et "Le Professeur Foldingue". 1961 Eddie Murphy
83%
Joueur de football international français. Passé par le PSG, la Juventus de Turin et l'Olympique de Marseille. 1995 Adrien Rabiot
67%
Acteur américain. Oscar du meilleur acteur en 1955 pour son rôle dans "Sur les quais". Figure de la trilogie "Le Parin". 1924 Marlon Brando
67%
Actrice française devenue duchesse de Savoie et princesse de Venise. 1969 Clotilde Courau
50%
Chancelier fédéral allemand de 1982 à 1998. 1930 Helmut Kohl
50%
Acteur américain. Premier grand rôle dans "Beetlejuice". A joué dans "À la poursuite d'Octobre rouge" (1990), "Pearl Harbor" (2001), "Les Infiltrés" (2006) et la série "30 Rock". 1958 Alec Baldwin
33%
Éthologue et anthropologue britannique. Première scientifique à rapporter que les chimpanzés utilisent des outils pour s'alimenter. 1934 Jane Goodall
33%
Homme d'État italien. Président du Conseil des ministres italien de 1945 à 1953. Considéré comme un des pères de l'Europe. 1881 Alcide De Gasperi
17%
Actrice canado-américaine. A incarné Robin Scherbatsky dans la série "How I Met Your Mother". 1982 Cobie Smulders
17%
Actrice américaine. Joua dans "L'Homme qui en savait trop" (1956) d'Alfred Hitchcock avec James Stewart. 1922 Doris Day
17%
Compositeur de musique et réalisateur français. A travaillé sur les musiques des films suivants "Les Grandes Gueules", "Le Samouraï", "Dernier Domicile connu", "Les Aventuriers", "La Scoumoune", "Le Vieux Fusil". 1939 François de Roubaix
17%
Danseuse, chanteuse et actrice française. Fut espionne pour le compte de la France lors de la Grande Guerre. 1875 Jeanne Florentine Bourgeois|Mistinguett
17%
Reine des Belges du 9 août 1832 au 11 octobre 1850. 1812 Louise d'Orléans
0%
Aucun quiz correspondant
Distribution des résultats
% des personnes avec chaque résultat
Percentile par nombre de réponses
Votre historique - résultats
Vous n’avez pas pris ce quiz